Re-imagining the art school : paragogy and artistic learning /

This book proposes 'paragogic' methods to re-imagine the art academy. While art schooling was revolutionized in the early 20th century by the Bauhaus, the author argues that many art schools are unwittingly recycling the same modernist pedagogical fashions. Stagnating in such traditions, t...

Full description

Bibliographic Details
Main Author: Mulholland, Neil (Author)
Format: Book
Language:English
Published: New York : Palgrave Macmillan, [2019]
Series:Creativity, education and the arts.
Subjects:

MARC

Tag First Indicator Second Indicator Subfields
LEADER 00000cam a2200000Mi 4500
001 in00004132939
005 20200117102510.0
008 190421t20192019nyu 001 0 eng d
020 |a 3030206289 
020 |a 9783030206284 
035 |a (OCoLC)on1097958887 
040 |a YDX  |e rda  |c YDX  |d GSU  |d BWK  |d UtOrBLW 
049 |a TXAM 
050 4 |a N345  |b .M85 2019 
100 1 |a Mulholland, Neil,  |e author.  |0 http://id.loc.gov/authorities/names/n2002011286 
245 1 0 |a Re-imagining the art school :  |b paragogy and artistic learning /  |c Neil Mulholland. 
264 1 |a New York :  |b Palgrave Macmillan,  |c [2019] 
264 4 |c ©2019 
300 |a xv, 145 pages ;  |c 22 cm. 
336 |a text  |b txt  |2 rdacontent 
337 |a unmediated  |b n  |2 rdamedia 
338 |a volume  |b nc  |2 rdacarrier 
490 1 |a Creativity, education and the arts 
504 |a Includes bibliographical references (pages 127-140) and index. 
505 0 |a The diglossic academy -- Homo artifex, Gnothi Sauton -- Porous -- Para-academic -- Independent programmes -- Paragogy -- Five observations. 
520 |a This book proposes 'paragogic' methods to re-imagine the art academy. While art schooling was revolutionized in the early 20th century by the Bauhaus, the author argues that many art schools are unwittingly recycling the same modernist pedagogical fashions. Stagnating in such traditions, today's art schools are blind to recent advances in the scholarship of teaching and learning. As discipline-based education research in art eternally battles this perceived threat of epistemicide, transformative educational practices are rapidly overcoming the perennialism of the art school. The author develops critical case studies of open source and peer-to-peer methods for re-imagining the art academy (para-academia) and andragogy (paragogy). This innovative book will be of interest and value to students and scholars of the art school, as well as how the art academy can be reimagined and rebuilt. 
650 0 |a Art  |x Study and teaching (Higher) 
830 0 |a Creativity, education and the arts.  |0 http://id.loc.gov/authorities/names/no2018055603 
945 |b 191785 
947 |a A14850837882 
948 |a cataloged  |b h  |c 2019/10/28  |d c  |e dmitchel  |f 9:44:28 am 
994 |a C0  |b TXA 
999 f f |s a2dced23-0d31-38fa-9e48-a08d2d0c8877  |i 733a201d-a2d5-3f04-a3fb-332cf644051a  |t 0 
952 f f |p normal  |a Texas A&M University  |b College Station  |c Sterling C. Evans Library  |d Evans: Library Stacks  |t 0  |e N345 .M85 2019  |h Library of Congress classification  |i unmediated -- volume  |m A14850837882 
998 f f |a N345 .M85 2019  |t 0  |l Evans: Library Stacks